Shawn Michaels' WrestleMania Opponents - Sudden Death - Statistics

General Stats
  • This quiz has been taken 111 times
  • The average score is 9 of 14
Answers on the Grid
Answers color-coded by a green-red scale on the quiz's grid according to % correct below.
Batista
Big Show
Bret Hart
British Bulldog
Chris Benoit
Chris Jericho
CM Punk
Daniel Bryan
Diesel
Eddie Guerrero
Edge
Hulk Hogan
John Cena
Kane
Kurt Angle
Mankind
Mr. Perfect
Randy Orton
Razor Ramon
Ric Flair
Rob Van Dam
The Rock
Steve Austin
Sycho Sid
Tatanka
Tito Santana
Triple H
The Undertaker
Vince McMahon
Yokozuna
 
Answer Stats
Answer % Correct
The Undertaker
85%
Steve Austin
77%
John Cena
75%
Bret Hart
74%
Triple H
74%
Chris Benoit
70%
Chris Jericho
68%
Ric Flair
68%
Kurt Angle
66%
Vince McMahon
66%
Diesel
62%
Razor Ramon
60%
Tatanka
42%
Tito Santana
34%
No matching quizzes found
Score Distribution
Percent of People with Each Score
Percentile by Number Answered
Your Score History
You have not taken this quiz